Statistics for Days Of The Week - Romanian

Click here to take the quiz!

General Stats

  • This quiz has been taken 54 times
  • The average score is 7 of 7

Answer Stats

DayIn Romanian% Correct
MondayLuni
100%
ThursdayJoi
98%
TuesdayMarti
98%
WednesdayMiercuri
98%
SaturdaySambata
98%
FridayVineri
98%
SundayDuminica
95%

Score Distribution

Percentile by Number Answered

Percent of People with Each Score

Your Score History

You have not taken this quiz